| 000 | 00651cam a22002174a 4500 | ||
|---|---|---|---|
| 001 | 15127579 | ||
| 005 | 20180227092000.0 | ||
| 008 | 080104s2008 njua b 001 0 eng | ||
| 010 | _a 2008270102 | ||
| 020 | _a9780470121641 (pbk. : alk. paper) | ||
| 040 |
_aDLC _cDLC _dDLC |
||
| 041 | _aeng | ||
| 080 | _a658 MAN | ||
| 100 | _a53 | ||
| 101 | _aMAN | ||
| 245 | 0 | 0 |
_aProject management in practice / _cSamuel J. Mantel, Jr. ... [et al.]. |
| 504 | _aIncludes bibliographical references and index. | ||
| 906 |
_a7 _bcbc _corigcop _d3 _encip _f20 _gy-gencatlg |
||
| 942 |
_2ddc _cBK |
||
| 999 |
_c43644 _d43644 |
||